BASICS OF BIOSTATISTICS A MANUAL FOR MEDICAL PRACTITIONER (Record no. 33648)

MARC details
000 -LEADER
fixed length control field 00431nam a22001697a 4500
003 - CONTROL NUMBER IDENTIFIER
control field SGT
020 ## - INTERNATIONAL STANDARD BOOK NUMBER
International Standard Book Number 9789386150714
082 ## - DEWEY DECIMAL CLASSIFICATION NUMBER
Classification number 519.5
Item number B25B
100 ## - MAIN ENTRY--PERSONAL NAME
Personal name BALI, JITENDDER
245 ## - TITLE STATEMENT
Title BASICS OF BIOSTATISTICS A MANUAL FOR MEDICAL PRACTITIONER
250 ## - EDITION STATEMENT
Edition statement 2ND
260 ## - PUBLICATION, DISTRIBUTION, ETC. (IMPRINT)
Place of publication, distribution, etc INDIA
Name of publisher, distributor, etc JAYPEE PUB
Year of Publication 2025
300 ## - PAGE DESCRIPTION
No. of Pages 540
650 ## - SUBJECT ADDED ENTRY--TOPICAL TERM
Topical term or geographic name as entry element RESEARCH
653 ## - KEYWORDS--INDEX TERM
Keyword term BIOSTATISTICS A MANUAL FOR MEDICAL PRACTITIONER
942 ## - ADDED ENTRY ELEMENTS (KOHA)
Source of classification or shelving scheme Dewey Decimal Classification
Koha item type Books
Holdings
Withdrawn status Lost status Source of classification or shelving scheme Damaged status Not for loan Collection code Home library Current library Shelving location Date acquired Vendor Name Cost, normal purchase price SGTU Bill Number Total Checkouts Full call number Accession No. (Barcode) Date last seen Bill Date Koha item type
    Dewey Decimal Classification   Not For Loan MEDICAL SGT Medical Library SGT Medical Library Reference Book 29/11/2025 ABC DELHI 2625.00 SGTU 22053   519.5 B25B FM16086 28/01/2026 29/11/2025 Books
    Dewey Decimal Classification   Not For Loan MEDICAL SGT Medical Library SGT Medical Library Reference Book 29/11/2025 ABC DELHI 2625.00 SGTU 22053   519.5 B25B FM16087 28/01/2026 29/11/2025 Books